000 01434cam a2200385 i 4500
999 _c41467
_d41467
001 17560359
003 OSt
005 20220524143216.0
008 121212s2014 at a b 001 0 eng
010 _a 2012955709
020 _a9781133593072 (hbk)
020 _a1133593070 (hbk)
040 _aDLC
_beng
_erda
_cDLC
042 _apcc
050 0 0 _aR726.5
_b.B72 2014
082 0 0 _a616.0019
_223
_bBRA/H
100 1 _aBrannon, Linda,
_d1948-
_99025
245 1 0 _aHealth psychology :
_ban introduction to behavior and health /
_cLinda Brannon, McNeese State University, Jess Feist, McNesse State University, John A. Updegraff, Kent State University.
250 _aEight edition.
264 1 _aAustralia :
_bWadsworth, Cengage Learning,
_c[2014]
300 _axxi, 521 pages :
_billustrations (some color) ;
_c24 cm
336 _atext
_btxt
_2rdacontent
337 _aunmediated
_bn
_2rdamedia
338 _avolume
_bnc
_2rdacarrier
504 _aIncludes bibliographical references (pages 424-480) and indexes.
650 0 _aMedicine and psychology.
650 0 _aSick
_xPsychology.
650 0 _aHealth behavior.
700 1 _aFeist, Jess
_99026
700 1 _aUpdegraff, John A.
_99027
906 _a7
_bcbc
_corigcop
_d2
_eepcn
_f20
_gy-gencatlg
942 _2ddc
_cBK
_h616.0013
_iBRA/H
_k616.0019
_mBRA/H